The Marvel Cinematic Multiverse (2002-2023) - Statistics

General Stats
  • This quiz has been taken 60 times
    11 since last reset
  • The average score is 13 of 27
Answer Stats
Year Movie Intro to the MCU % Correct
2002 Spider-Man Spider-Man: No Way Home (2021)
91%
2000 X-Men Deadpool 3 (2024)
91%
2016 Deadpool Deadpool 3 (2024)
73%
2018 Deadpool 2 Deadpool 3 (2024)
73%
2004 Spider-Man 2 Spider-Man: No Way Home (2021)
73%
2012 The Amazing Spider-Man Spider-Man: No Way Home (2021)
73%
2003 X2 Deadpool 3 (2024)
73%
2007 Spider-Man 3 Spider-Man: No Way Home (2021)
64%
2014 The Amazing Spider-Man 2 Spider-Man: No Way Home (2021)
64%
2018 Venom Spider-Man: No Way Home (2021)
64%
2021 Venom: Let There Be Carnage Spider-Man: No Way Home (2021)
55%
2014 X-Men: Days of Future Past Deadpool 3 (2024)
55%
2006 X-Men: The Last Stand Deadpool 3 (2024)
55%
2022 Morbius (Connected to Venom Universe)
45%
2013 The Wolverine Deadpool 3 (2024)
45%
2003 Daredevil Deadpool 3 (2024) *According to Rumor*
36%
2015 Daredevil Hawkeye (2021)
36%
2005 Fantastic Four Deadpool 3 (2024) *According to Rumor*
36%
2024 Kraven the Hunter (Connected to Venom Universe)
36%
2024 Madame Web (Connected to Venom Universe)
36%
2023 Spider-Man: Across the Spider-Verse Spider-Man: Across the Spider-Verse (2023) *In-Movie Connection*
36%
2018 Spider-Man: Into the Spider-Verse (Through Spider-Man: Across the Spider-Verse’s Introduction)
36%
2007 Fantastic Four: Rise of the Silver Surfer Deadpool 3 (2024) *According to Rumor*
27%
2024 Venom 3 Spider-Man: No Way Home (2021)
27%
2005 Elektra Deadpool 3 (2024) *According to Rumor*
18%
2019 The Punisher Daredevil: Born Again (2025)
9%
2017 Inhumans Doctor Strange in the Multiverse of Madness (2022)
0%
No matching quizzes found
Score Distribution
Percent of People with Each Score
Percentile by Number Answered
Your Score History
You have not taken this quiz since the last reset